Οι ταβέρνες της παλιάς Θεσσαλονίκης

Αποθηκεύτηκε σε:
Λεπτομέρειες βιβλιογραφικής εγγραφής
Κύριος συγγραφέας: Τομανάς, Κώστας 1914-1993
Μορφή: Βιβλίο
Γλώσσα:English
Δημοσίευση: Αθήνα : Εξάντας, c1991
Θέματα:
Ετικέτες: Προσθήκη ετικέτας
Δεν υπάρχουν, Καταχωρήστε ετικέτα πρώτοι!

MARC

LEADER 00000nam a2200000 i 4500
001 1/8908
008 000727s1991 eng d
020 |a 960-256-098-3 
035 |l 10062856 
040 |a GR-MY-UA  |b gre  |e aacr 
041 0 |a eng 
082 0 |a 398.094956 
100 1 |a Τομανάς, Κώστας  |d 1914-1993. 
245 1 3 |a Οι ταβέρνες της παλιάς Θεσσαλονίκης /  |c Τομανάς Κώστας 
260 |a Αθήνα :   |b Εξάντας,   |c c1991 
300 |a 128 σ.  |b εικ. 
650 0 0 |a Taverns (Inns)  |z Greece  |z Thessaloniki  |x History. 
651 0 |a Thessalonike (Greece)  |x Social life and customs. 
852 |a INST  |b LESVOS  |e 20000727  |h 398.094956 ΤΟΜ  |p 005100029417  |q 005100029417  |t BK  |y 0 
901 |a BIBL1-2000-3 
909 |a Λ  |b 080759 
922 |a 1ΕΛΗ  |b 200007  |c ΤΑΚ/ΠΤΕ  |d ΠΑΠΑΣΩΤΗΡΙΟΥ 
950 |a 185-2000-07-07 
970 |a ΤΖΑΦΕΡΗ  |b ΕΥΑΓΓΕΛΙΑ  |z 2000/12/19